000 00682nam a2200193Ia 4500
003 LDD
008 190117s9999 xx 000 0 und d
020 _a9789350721698
_c₹225
040 _cLDD
041 _ahi
082 _a8H1.71 रा49201सु
100 _aराना, मुनव्वर
245 0 _aसुख़न सराय
_cमुनव्वर राना
260 _aनई दिल्ली
_bाणी प्रकाशन 2
_c2012
300 _a102
901 _aANI
904 _aReqst by : Satyakam
942 _2ddc
_cH
999 _c168436
_d168436